| 000 | 00411nam a22001337a 4500 | ||
|---|---|---|---|
| 020 | _a0755310438 | ||
| 040 | _cNust | ||
| 082 |
_a338.762138 _bWEL |
||
| 100 |
_aJack Welch _9125610 |
||
| 245 | _aJack: What I Learned Leading a Great Company with Great People | ||
| 260 |
_aUK: _bHeadline Paperbacks, _c2001. |
||
| 650 |
_aJack: What I Learned Leading a Great Company with Great People _9127525 |
||
| 942 |
_2ddc _cBK |
||
| 999 |
_c612623 _d612623 |
||